Operationalising holistic human development : (Record no. 7838)

MARC details
000 -LEADER
fixed length control field 00827 a2200217 4500
010 ## - LIBRARY OF CONGRESS CONTROL NUMBER
LC control number ENG-88203
020 ## - INTERNATIONAL STANDARD BOOK NUMBER
International Standard Book Number 8180694372
Terms of availability 350.00
035 ## - SYSTEM CONTROL NUMBER
System control number EN-71736
037 ## - SOURCE OF ACQUISITION
Source of stock number/acquisition DBAD / PUB
082 14 - DEWEY DECIMAL CLASSIFICATION NUMBER
Classification number 307.14120954
090 ## - LOCALLY ASSIGNED LC-TYPE CALL NUMBER (OCLC); LOCAL CALL NUMBER (OCLC)
-- 7981
-- 7981
100 1# - MAIN ENTRY--PERSONAL NAME
Personal name Marla, Irmel
245 1# - TITLE STATEMENT
Title Operationalising holistic human development :
Remainder of title (food for thought and ideas for action in the rural context)/
Statement of responsibility, etc by Marla, Irmel [and] Kamal Taori
260 ## - PUBLICATION, DISTRIBUTION, ETC. (IMPRINT)
Place of publication, distribution, etc New Delhi
Name of publisher, distributor, etc Concept Publishing Co.
Date of publication, distribution, etc 2007
270 ## - ADDRESS
Address A/15-16, commercial Block, Mohan Garden, New Delhi
Postal code 110 059
300 ## - PHYSICAL DESCRIPTION
Extent xii, 162 p.
Dimensions 22cm (Hb)
500 ## - GENERAL NOTE
General note Includes bibliographical references and index
700 1# - ADDED ENTRY--PERSONAL NAME
Personal name Taori, Kamal
942 ## - ADDED ENTRY ELEMENTS (KOHA)
Institution code [OBSOLETE] dpl
Koha item type English Books
Call number prefix 307.14120954 / MAR
Holdings
Withdrawn status Lost status Source of classification or shelving scheme Damaged status Not for loan Collection code Home library Current library Source of acquisition Cost, normal purchase price Total Checkouts Full call number Barcode Date last seen Copy number Uniform Resource Identifier Cost, replacement price Price effective from Koha item type
    Dewey Decimal Classification   Not For Loan Non-fiction D.B.Act.Division D.B.Act.Division DBAD/PUB 350.00   307.14120954 MAR EN-71736 15/09/2008 1 8735 350.00 15/09/2008 English Books

© Delhi Public Library
Hit Counter
free hit counter